Detalles MARC
| 000 -LEADER |
| campo de control de longitud fija |
02286cam a22004694i 4500 |
| 003 - IDENTIFICADOR DE NÚMERO DE CONTROL |
| campo de control |
PE-LiUPU |
| 005 - FECHA Y HORA DE LA ÚLTIMA TRANSACCIÓN |
| campo de control |
20250731173509.0 |
| 008 - DATOS DE LONGITUD FIJA--INFORMACIÓN GENERAL |
| campo de control de longitud fija |
150623s r 000 0 d |
| 020 ## - NÚMERO INTERNACIONAL ESTÁNDAR DEL LIBRO |
| Número Internacional Estándar del Libro |
0802880509 |
| 035 ## - NÚMERO DE CONTROL DEL SISTEMA |
| Número de control de sistema |
(Sirsi) i9780802880505 |
| 040 ## - FUENTE DE CATALOGACIÓN |
| Centro catalogador/agencia de origen |
PE-LiUPU |
| Lengua de catalogación |
spa |
| Centro/agencia transcriptor |
PE-LiUPU |
| Normas de descripción |
rda |
| 049 ## - FONDOS LOCALES (OCLC) |
| Biblioteca depositaria |
PRUA |
| 082 04 - NÚMERO DE LA CLASIFICACIÓN DECIMAL DEWEY |
| Número de clasificación |
270.9 |
| Cutter |
S311978 |
| Número de edición |
21 |
| 100 1# - ENTRADA PRINCIPAL--NOMBRE DE PERSONA |
| Nombre de persona |
Schaff, Philip, |
| Término indicativo de función/relación |
autor. |
| 245 10 - MENCIÓN DEL TÍTULO |
| Título |
History of the christian church. |
| Número de parte o sección de la obra |
4,Mediaeval Christianity / |
| Mención de responsabilidad, etc. |
Philip Schaff. |
| 264 #1 - PRODUCCIÓN, PUBLICACIÓN, DISTRIBUCIÓN, FABRICACIÓN Y COPYRIGHT |
| Producción, publicación, distribución, fabricación y copyright |
Michigan : |
| Nombre del de productor, editor, distribuidor, fabricante |
Wm. B. Eerdmans Publishing Company, |
| Fecha de producción, publicación, distribución, fabricación o copyright |
1978. |
| 300 ## - DESCRIPCIÓN FÍSICA |
| Extensión |
799 páginas ; |
| Dimensiones |
22 centímetros |
| 336 ## - TIPO DE CONTENIDO |
| Término de tipo de contenido |
text |
| Fuente |
rdacontent |
| 337 ## - TIPO DE MEDIO |
| Nombre/término del tipo de medio |
unmediated |
| Fuente |
rdamedia |
| 338 ## - TIPO DE SOPORTE |
| Nombre/término del tipo de soporte |
volume |
| Fuente |
rdacarrier |
| 505 0# - NOTA DE CONTENIDO CON FORMATO |
| Nota de contenido con formato |
General introduction to mediaeval church history. The church among the barbarias. the conversion of the northern and western barbarians. Mohammedanism in its relation ot christianity. The papal hirarchy and the holy roman expire. The conflict of the eastern and western chruches and their separation. Morals and religion. Monasticism. Church discipline. Church and state. Worship and ceremonies. Doctrinal controversies. Heretical Sects. The state of learning. Biographical sketches of the ecclesiastical writers. |
| 526 ## - NOTA DE INFORMACIÓN SOBRE EL PROGRAMA DE ESTUDIO |
| Nombre del programa |
Segunda Especialidad En Profecías Bíblicas |
| 526 ## - NOTA DE INFORMACIÓN SOBRE EL PROGRAMA DE ESTUDIO |
| Nombre del programa |
Segunda Especialidad En Nuevo Testamento |
| 526 ## - NOTA DE INFORMACIÓN SOBRE EL PROGRAMA DE ESTUDIO |
| Nombre del programa |
Segunda Especialidad En Antiguo Testamento |
| 526 ## - NOTA DE INFORMACIÓN SOBRE EL PROGRAMA DE ESTUDIO |
| Nombre del programa |
Segunda Especialidad En Estudios Adventistas |
| 526 ## - NOTA DE INFORMACIÓN SOBRE EL PROGRAMA DE ESTUDIO |
| Nombre del programa |
Doctorado en teología |
| 526 ## - NOTA DE INFORMACIÓN SOBRE EL PROGRAMA DE ESTUDIO |
| Nombre del programa |
Maestría en teología histórica |
| 526 ## - NOTA DE INFORMACIÓN SOBRE EL PROGRAMA DE ESTUDIO |
| Nombre del programa |
Maestría en teología bíblica |
| 526 ## - NOTA DE INFORMACIÓN SOBRE EL PROGRAMA DE ESTUDIO |
| Nombre del programa |
Maestría en teología |
| 526 ## - NOTA DE INFORMACIÓN SOBRE EL PROGRAMA DE ESTUDIO |
| Nombre del programa |
Maestría en misionología |
| 526 ## - NOTA DE INFORMACIÓN SOBRE EL PROGRAMA DE ESTUDIO |
| Nombre del programa |
Maestría en liderazgo eclesiástico |
| 526 ## - NOTA DE INFORMACIÓN SOBRE EL PROGRAMA DE ESTUDIO |
| Nombre del programa |
Teología |
| 596 ## - |
| -- |
1 |
| 650 04 - PUNTO DE ACCESO ADICIONAL DE MATERIA--TÉRMINO DE MATERIA |
| Término de materia o nombre geográfico como elemento de entrada |
Iglesia |
| Subdivisión general |
Historia |
| Subdivisión cronológica |
Época Medieval, 590-1073 d. C. |
| 942 ## - ELEMENTOS DE ENTRADA SECUNDARIOS (KOHA) |
| Fuente del sistema de clasificación o colocación |
Clasificación Decimal Dewey |
| Tipo de ítem Koha |
|
| 949 ## - PROCESAMIENTO DE INFORMACIÓN LOCAL (OCLC) |
| a |
270.9 S31 4 1978 |
| w |
DEWEY |
| c |
1 |
| i |
52955 |
| l |
CCODEBUL1 |
| m |
BUL |
| p |
25.00 |
| r |
0 |
| s |
Y |
| t |
BOOK |
| u |
2015-6-24 |
| x |
TEOLOGIA |
| -- |
P35 |
| 0 |
COMPRA |
| o |
.STAFF. Colección General |
| 949 ## - PROCESAMIENTO DE INFORMACIÓN LOCAL (OCLC) |
| a |
270.9 S31 4 |
| w |
DEWEY |
| c |
1 |
| i |
40754 |
| l |
CCODEBUL1 |
| m |
BUL |
| r |
0 |
| s |
Y |
| t |
BOOK |
| u |
2015-6-16 |
| x |
TEOLOGIA |
| z |
UNKNOWN |
| 0 |
COMPRA |
| o |
.STAFF. Colección General |
| 994 ## - |
| -- |
C0 |
| -- |
PEPRU |
| 999 ## - NÚMEROS DE CONTROL DE SISTEMA (KOHA) |
| -- |
DEWEY |
| -- |
40754 |
| -- |
2021-11-11 |
| -- |
5 |
| -- |
CCODEBUL1 |
| -- |
BUL |
| -- |
0 |
| -- |
Y |
| -- |
BOOK |
| -- |
2015-6-16 |
| -- |
TEOLOGIA |
| -- |
UNKNOWN |
| -- |
COMPRA |
| -- |
.STAFF. Colección General |
| 999 ## - NÚMEROS DE CONTROL DE SISTEMA (KOHA) |
| -- |
DEWEY |
| -- |
52955 |
| -- |
2021-11-11 |
| -- |
5 |
| -- |
CCODEBUL1 |
| -- |
BUL |
| -- |
25.00 |
| -- |
0 |
| -- |
Y |
| -- |
BOOK |
| -- |
2015-6-24 |
| -- |
TEOLOGIA |
| -- |
P35 |
| -- |
COMPRA |
| -- |
.STAFF. Colección General |
| 980 ## - EQUIVALENCIA O REFERENCIA-CRUZADA-MENCIÓN DE SERIE--NOMBRE DE PERSONA/TÍTULO [LOCAL, CANADÁ] |
| ID del último usuario que modificó el registro |
1 |
| Nombre del último usuario que modificó el registro |
ALBERTO SANCHEZ Responsable de Automatización |